Plánovanie zdrojov v inovačných procesoch

Metodológia plánovania zdrojov v inovačných procesoch a s tým súvisiace problémy v oblasti plánovania vstupov, plánovania prevádzkových prostriedkov a zariadení, personálneho plánovania a finančného plánovania.

Na minha lista:
Detalhes bibliográficos
Autor principal: Šimanovská, Tatjana
Formato: Capítulo de Livro
Idioma:eslovaco
Assuntos:
Tags: Adicionar Tag
Sem tags, seja o primeiro a adicionar uma tag!

MARC

LEADER 00000naa a2200000 4500
001 0143601
005 20220715093206.8
041 0 |a slo 
044 |a SK 
245 1 0 |a Plánovanie zdrojov v inovačných procesoch  |c Tatjana Šimanovská 
520 |a Metodológia plánovania zdrojov v inovačných procesoch a s tým súvisiace problémy v oblasti plánovania vstupov, plánovania prevádzkových prostriedkov a zariadení, personálneho plánovania a finančného plánovania. 
610 2 0 |a plánovanie 
610 2 0 |a plánovanie personálne 
610 2 0 |a plánovanie finančné 
610 2 0 |a etika 
610 2 0 |a prostriedky prevádzkové 
610 2 0 |a stratégia inovačná 
610 2 0 |a procesy podnikové 
100 1 |a Šimanovská, Tatjana